[Event "New York International"]
[Site "New York"]
[Date "1984.??.??"]
[Round "8"]
[White "Ivanov, Igor V"]
[Black "Watson, John"]
[Result "1/2-1/2"]
[WhiteElo "2550"]
[BlackElo "2420"]
[PlyCount "46"]
[GameId "1114898539622400"]
[EventDate "1984.04.??"]
[EventType "swiss"]
[EventRounds "9"]
[EventCountry "USA"]
[SourceTitle "MCD"]
[Source "ChessBase"]
[SourceVersion "1"]
[SourceQuality "1"]

1. d4 d5 2. c4 Nc6 3. Nf3 Bg4 4. Qa4 Bxf3 5. exf3 e6 6. Nc3 Nge7 7. Bg5 Qd7 8. Rd1 h6 9. Bf4 g5 10. Be3 Bg7 11. cxd5 exd5 12. h4 O-O-O 13. b4 Qe6 14. b5 Nxd4 15. Rxd4 Bxd4 16. Qxd4 Nf5 17. Qxa7 Qe5 18. Na4 Qa1+ 19. Ke2 Qxa2+ 20. Kd1 Qb1+ 21. Kd2 Qa2+ 22. Kc1 Qa1+ 23. Kc2 Qa2+ 1/2-1/2

[Event "Midwest Masters"]
[Site "Chicago"]
[Date "1985.??.??"]
[Round "3"]
[White "Ivanov, Igor V"]
[Black "Karklins, Andrew"]
[Result "1/2-1/2"]
[WhiteElo "2465"]
[BlackElo "2335"]
[PlyCount "61"]
[GameId "1114898614472704"]
[EventDate "1985.??.??"]
[EventType "swiss"]
[EventRounds "5"]
[EventCountry "USA"]
[SourceTitle "MCD"]
[Source "ChessBase"]
[SourceVersion "1"]
[SourceQuality "1"]

1. d4 Nf6 2. c4 e6 3. Nc3 Bb4 4. Bg5 h6 5. Bh4 c5 6. d5 d6 7. e3 O-O 8. Nge2 e5 9. a3 Ba5 10. Qc2 Nbd7 11. Nc1 Bxc3+ 12. Qxc3 Nxd5 13. Bxd8 Nxc3 14. Bc7 Ne4 15. f3 Nef6 16. Bxd6 Re8 17. b4 Re6 18. bxc5 Ne8 19. Nb3 Nxd6 20. cxd6 Rxd6 21. c5 Rc6 22. Rc1 Nf8 23. Bd3 Be6 24. Na5 Rc7 25. Nxb7 Rxb7 26. Be4 Rab8 27. Bxb7 Rxb7 28. c6 Rc7 29. Kf2 f6 30. Rhd1 Kf7 31. f4 1/2-1/2

[Event "Midwest Masters op"]
[Site "Chicago"]
[Date "1986.??.??"]
[Round "3"]
[White "Miller, Todd Q"]
[Black "Ivanov, Igor V"]
[Result "0-1"]
[WhiteElo "2260"]
[BlackElo "2485"]
[PlyCount "64"]
[GameId "1166635976794112"]
[EventDate "1986.??.??"]
[EventType "swiss"]
[EventRounds "6"]
[EventCountry "USA"]
[SourceTitle "EXT 2000"]
[Source "ChessBase"]
[SourceDate "1999.11.18"]
[SourceVersion "1"]
[SourceVersionDate "1999.11.18"]
[SourceQuality "1"]

1. c4 Nf6 2. Nf3 g6 3. Nc3 Bg7 4. g3 O-O 5. Bg2 Nc6 6. O-O d5 7. cxd5 Nxd5 8. Nxd5 Qxd5 9. d3 a5 10. Be3 Qb5 11. a4 Qxb2 12. Rb1 Qa2 13. Nd2 Nb4 14. Bc5 Bd7 15. Bxe7 Rfe8 16. Bxb7 Rab8 17. Bxb4 axb4 18. Ba6 Bxa4 19. Qc1 Rxe2 20. Qxc7 Be5 21. Qa5 Qxd2 22. d4 Rxf2 23. Rxf2 Bxd4 24. Rbf1 Bxf2+ 25. Rxf2 Qd1+ 26. Bf1 Be8 27. Qe5 Rd8 28. h3 Bd7 29. Kh2 Be6 30. Qb2 b3 31. Bg2 Qd4 32. Qb1 Qxf2 0-1

[Event "USA"]
[Site "USA"]
[Date "1986.??.??"]
[Round "?"]
[White "Ivanov, Igor V"]
[Black "Alburt, Lev"]
[Result "0-1"]
[WhiteElo "2495"]
[BlackElo "2525"]
[PlyCount "82"]
[GameId "1166635994169344"]
[EventDate "1986.??.??"]
[EventType "game"]
[EventRounds "9"]
[EventCountry "USA"]
[SourceTitle "EXT 2010"]
[Source "ChessBase"]
[SourceDate "2009.11.30"]
[SourceVersion "1"]
[SourceVersionDate "2009.11.30"]
[SourceQuality "1"]

1. c4 Nf6 2. Nf3 e6 3. g3 a6 4. Bg2 b5 5. d3 Be7 6. O-O Bb7 7. b3 d5 8. Nbd2 c5 9. e3 O-O 10. Bb2 Nbd7 11. Qe2 Qb6 12. Rab1 Qc7 13. Rfc1 Bc6 14. cxd5 Bxd5 15. e4 Bb7 16. b4 Qd8 17. bxc5 Nxc5 18. Bxf6 gxf6 19. d4 Na4 20. d5 Rc8 21. Nd4 Nc3 22. Qg4+ Kh8 23. Nc6 Nxb1 24. Nxb1 Bxc6 25. dxc6 Qd4 26. Rd1 Qe5 27. Rd7 Rxc6 28. Rxe7 Rc1+ 29. Bf1 Rxb1 30. Kg2 Rb2 31. Rd7 Rxa2 32. Bd3 Rb2 33. Qd1 a5 34. Qc1 Kg7 35. Kg1 b4 36. Rc7 Rd8 37. Bf1 Qd4 38. Qf4 Qe5 39. Qg4+ Kf8 40. Rb7 Qg5 41. Qh3 h5 0-1

[Event "Los Angeles So Cal Easter op"]
[Site "Los Angeles"]
[Date "1986.??.??"]
[Round "?"]
[White "Ivanov, Igor V"]
[Black "Root, Douglas"]
[Result "1-0"]
[WhiteElo "2485"]
[BlackElo "2405"]
[PlyCount "67"]
[GameId "1167893208166400"]
[EventDate "1986.03.??"]
[EventType "swiss"]
[EventRounds "9"]
[EventCountry "USA"]
[SourceTitle "EXT 1997"]
[Source "ChessBase"]
[SourceDate "1996.11.15"]
[SourceVersion "1"]
[SourceVersionDate "1996.11.15"]
[SourceQuality "1"]

1. c4 b6 2. Nc3 Bb7 3. e4 Nf6 4. Bd3 c5 5. Nf3 Nc6 6. O-O g6 7. e5 Ng4 8. Be4 Bg7 9. Re1 Qb8 10. d4 cxd4 11. Bxc6 dxc6 12. Qxd4 h5 13. c5 O-O 14. h3 Nh6 15. Bxh6 Bxh6 16. e6 bxc5 17. exf7+ Rxf7 18. Qc4 Kg7 19. Ne4 Qf4 20. Qxc5 Rd8 21. Neg5 Rd5 22. Qc3+ Qf6 23. Qxf6+ exf6 24. Nxf7 Kxf7 25. Rad1 Bf4 26. Rxd5 cxd5 27. b4 Bd6 28. b5 Bb4 29. Rc1 Ba5 30. a4 Bb6 31. Nd4 Ke7 32. Nc6+ Kd6 33. a5 Bc5 34. Nd8 1-0

[Event "Philadelphia op"]
[Site "Philadelphia"]
[Date "1986.??.??"]
[Round "?"]
[White "Bisguier, Arthur"]
[Black "Ivanov, Igor V"]
[Result "1/2-1/2"]
[WhiteElo "2430"]
[BlackElo "2485"]
[PlyCount "41"]
[GameId "1166636024266752"]
[EventDate "1986.07.??"]
[EventType "swiss"]
[EventRounds "9"]
[EventCountry "USA"]
[SourceTitle "EXT 1998"]
[Source "ChessBase"]
[SourceDate "1997.11.17"]
[SourceVersion "1"]
[SourceVersionDate "1997.11.17"]
[SourceQuality "1"]

1. d4 Nf6 2. Nf3 e6 3. Bg5 d5 4. e3 c5 5. Nbd2 Nc6 6. c3 Qb6 7. Rb1 cxd4 8. exd4 e5 9. Nxe5 Nxe5 10. Qe2 Nfg4 11. dxe5 Bc5 12. Bh4 O-O 13. h3 Nxe5 14. Qxe5 Qg6 15. Qxd5 Bf5 16. Bb5 Rfe8+ 17. Kf1 Bxb1 18. Bxe8 Rxe8 19. Qxc5 Qc2 20. Kg1 Qxd2 21. Kh2 1/2-1/2

[Event "Sofia op"]
[Site "Sofia"]
[Date "1988.??.??"]
[Round "?"]
[White "Ivanov, Igor V"]
[Black "Radulov, Dragomir"]
[Result "1-0"]
[WhiteElo "2505"]
[BlackElo "2305"]
[PlyCount "57"]
[GameId "1166636278927360"]
[EventDate "1988.??.??"]
[EventType "swiss"]
[EventRounds "7"]
[EventCountry "BUL"]
[SourceTitle "EXT 2002"]
[Source "ChessBase"]
[SourceDate "2001.11.25"]
[SourceVersion "1"]
[SourceVersionDate "2001.11.25"]
[SourceQuality "1"]

1. e4 c5 2. Nf3 d6 3. d4 cxd4 4. Nxd4 Nf6 5. Nc3 g6 6. Be3 Bg7 7. f3 O-O 8. Qd2 Nc6 9. Bc4 Bd7 10. h4 Rc8 11. Bb3 h5 12. O-O-O Ne5 13. Bh6 Bxh6 14. Qxh6 Rxc3 15. bxc3 Qa5 16. Kb1 Rc8 17. g4 Nc4 18. gxh5 Na3+ 19. Kc1 Qxc3 20. Rd3 Qxd3 21. hxg6 d5 22. Rg1 Qxd4 23. gxf7+ Kxf7 24. Bxd5+ Be6 25. Rg7+ Ke8 26. Qh8+ Kd7 27. Bxe6+ Kxe6 28. Qxc8+ Ke5 29. Qc7+ 1-0

[Event "Columbus Cardinal op"]
[Site "Columbus"]
[Date "1988.01.17"]
[Round "5"]
[White "Karklins, Andrew"]
[Black "Ivanov, Igor V"]
[Result "0-1"]
[WhiteElo "2300"]
[BlackElo "2505"]
[PlyCount "110"]
[GameId "1166636295462912"]
[EventDate "1988.01.15"]
[EventType "swiss"]
[EventRounds "5"]
[EventCountry "USA"]
[SourceTitle "EXT 2021"]
[Source "ChessBase"]
[SourceDate "2020.10.23"]
[SourceVersion "1"]
[SourceVersionDate "2020.10.23"]
[SourceQuality "1"]

1. e4 c5 2. Nf3 g6 3. d4 cxd4 4. Qxd4 Nf6 5. e5 Nc6 6. Qa4 Nd5 7. Qb3 e6 8. c4 Nde7 9. Nc3 Nf5 10. Bg5 Nfd4 11. Bxd8 Nxb3 12. Bf6 Nxa1 13. Bxh8 Nc2+ 14. Kd2 N2d4 15. Nxd4 Nxd4 16. Kd3 Nc6 17. Nb5 Rb8 18. Nd6+ Bxd6 19. exd6 f5 20. g4 fxg4 21. h3 g3 22. fxg3 b6 23. Bg2 Nd8 24. Bf6 Ba6 25. b4 Rc8 26. b5 Bb7 27. Bxb7 Nxb7 28. Be7 Kf7 29. Rf1+ Kg7 30. g4 g5 31. Bf6+ Kg8 32. Be7 h6 33. Re1 Kg7 34. Kd4 Rc5 35. Rf1 Na5 36. Rc1 a6 37. bxa6 Nc6+ 38. Ke4 Re5+ 39. Kd3 Ra5 40. Rf1 Rxa6 41. Bf6+ Kg8 42. Bc3 e5 43. Rf2 Ra3 44. Rb2 Kf7 45. Rxb6 Rxa2 46. Bb2 Ke6 47. Rb3 Kxd6 48. Ba3+ Ke6 49. Bf8 Rf2 50. Bc5 Rf3+ 51. Be3 Rxh3 52. Rb1 Rh4 53. Rg1 e4+ 54. Ke2 Rh2+ 55. Bf2 Ne5 {source: bulletin} 0-1

[Event "World op"]
[Site "Philadelphia"]
[Date "1988.??.??"]
[Round "?"]
[White "Ivanov, Igor V"]
[Black "Rohde, Michael"]
[Result "0-1"]
[WhiteElo "2505"]
[BlackElo "2555"]
[PlyCount "80"]
[GameId "1166636332302336"]
[EventDate "1988.06.??"]
[EventType "swiss"]
[EventRounds "11"]
[EventCountry "USA"]
[SourceTitle "EXT 1997"]
[Source "ChessBase"]
[SourceDate "1996.11.15"]
[SourceVersion "1"]
[SourceVersionDate "1996.11.15"]
[SourceQuality "1"]

1. Nf3 Nf6 2. c4 e6 3. g3 a6 4. Bg2 b5 5. b3 Bb7 6. O-O Be7 7. d3 O-O 8. Na3 b4 9. Nc2 c5 10. e4 d6 11. Bb2 Nc6 12. Qe2 Nd7 13. d4 cxd4 14. Nfxd4 Rb8 15. Rad1 Qc7 16. Rd2 Rfe8 17. Rfd1 Bf8 18. Ne3 Nce5 19. Re1 Nf6 20. f4 Ng6 21. Ng4 Nxg4 22. Qxg4 e5 23. Nf5 Qc5+ 24. Rf2 Bc8 25. Ref1 Kh8 26. h4 Ne7 27. fxe5 dxe5 28. Kh1 g6 29. Qf4 f6 30. Nd6 exf4 31. Nxe8 Be6 32. Nxf6 Bg7 33. Rxf4 Rd8 34. e5 Nf5 35. Ne4 Qc7 36. g4 Nxh4 37. Ng5 Nxg2 38. Nxe6 Qe7 39. Rf6 Ne3 40. Nxd8 Qxd8 0-1

[Event "NWC November op"]
[Site "Seattle"]
[Date "1988.??.??"]
[Round "?"]
[White "Ivanov, Igor V"]
[Black "Harmon, Clark"]
[Result "1/2-1/2"]
[WhiteElo "2505"]
[BlackElo "2255"]
[PlyCount "93"]
[GameId "1166636381048832"]
[EventDate "1988.11.??"]
[EventType "swiss"]
[EventRounds "5"]
[EventCountry "USA"]
[SourceTitle "EXT 2004"]
[Source "ChessBase"]
[SourceDate "2003.11.25"]
[SourceVersion "1"]
[SourceVersionDate "2003.11.25"]
[SourceQuality "1"]

1. e4 c6 2. d4 d5 3. Nd2 dxe4 4. Nxe4 Bf5 5. Ng3 Bg6 6. h4 h6 7. Nf3 Nd7 8. h5 Bh7 9. Bd3 Bxd3 10. Qxd3 Qc7 11. Bd2 Ngf6 12. O-O-O O-O-O 13. Qe2 e6 14. Ne5 Nxe5 15. dxe5 Nd5 16. f4 Be7 17. Ne4 Kb8 18. c4 Nb6 19. Ba5 c5 20. b3 f5 21. Nc3 Qc6 22. Qf3 Qxf3 23. gxf3 Rxd1+ 24. Kxd1 Nd7 25. Rg1 Rg8 26. Nb5 b6 27. Be1 g5 28. Ke2 a6 29. Nc3 Kc7 30. Bh4 Rd8 31. Bxg5 hxg5 32. fxg5 Bxg5 33. Rxg5 Nxe5 34. Rg7+ Kd6 35. Na4 Nd7 36. Rh7 b5 37. cxb5 axb5 38. Nc3 b4 39. Nb5+ Kc6 40. Na7+ Kd6 41. h6 Ra8 42. Nb5+ Kc6 43. Ke3 Rxa2 44. Kf4 Rh2 45. Na7+ Kd6 46. Nb5+ Kc6 47. Na7+ 1/2-1/2

[Event "Olympiad-28"]
[Site "Thessaloniki"]
[Date "1988.11.27"]
[Round "13"]
[White "Agdestein, Simen"]
[Black "Ivanov, Igor V"]
[Result "1-0"]
[WhiteElo "2280"]
[BlackElo "2505"]
[PlyCount "121"]
[GameId "1166636396855296"]
[EventDate "1988.11.13"]
[EventType "team-swiss"]
[EventRounds "14"]
[EventCountry "GRE"]
[SourceTitle "TD"]
[Source "ChessBase"]
[SourceVersion "1"]
[SourceVersionDate "1994.03.01"]
[SourceQuality "1"]
[WhiteTeam "Norway"]
[BlackTeam "Canada"]
[WhiteTeamCountry "NOR"]
[BlackTeamCountry "CAN"]

1. d4 Nf6 2. c4 e6 3. Nf3 b6 4. g3 Bb7 5. Bg2 Bb4+ 6. Bd2 Be7 7. Nc3 O-O 8. O-O Na6 9. Ne1 Bxg2 10. Nxg2 c6 11. e4 d5 12. cxd5 cxd5 13. e5 Nd7 14. h4 Nc7 15. a4 Nb8 16. Qg4 Nc6 17. Ne2 Qd7 18. Ngf4 Kh8 19. Kg2 Rfc8 20. h5 Ne8 21. Rh1 h6 22. Qf3 Kg8 23. g4 Bg5 24. Bc3 Bxf4 25. Nxf4 f6 26. Rad1 Qf7 27. Rh3 fxe5 28. dxe5 Ne7 29. Qe3 Rc4 30. Rd4 Nc7 31. b3 Rxd4 32. Bxd4 Rf8 33. Ne2 Na6 34. Qc3 Nb8 35. b4 Nbc6 36. b5 Nxe5 37. Rg3 Nc4 38. f4 Rc8 39. Qb4 Na5 40. Rc3 Rxc3 41. Qxc3 Nc4 42. Qf3 Nc8 43. Ba1 N8d6 44. Nd4 Ne4 45. Nc6 Nc5 46. f5 exf5 47. gxf5 Ne4 48. Bd4 Ncd6 49. Qg4 Kf8 50. Nd8 Qxf5 51. Qxg7+ Ke8 52. Nc6 Nf7 53. Qg6 Ned6 54. Nxa7 Qf4 55. Qe6+ Kf8 56. Be3 Qxa4 57. Bxh6+ Nxh6 58. Qxd6+ Ke8 59. Qe6+ Kd8 60. Nc6+ Kc7 61. Qe7+ 1-0

[Event "Chicago op"]
[Site "Chicago"]
[Date "1989.??.??"]
[Round "?"]
[White "Benjamin, Joel"]
[Black "Ivanov, Igor V"]
[Result "1-0"]
[WhiteElo "2545"]
[BlackElo "2515"]
[PlyCount "59"]
[GameId "1166636434632704"]
[EventDate "1989.??.??"]
[EventType "swiss"]
[EventRounds "9"]
[EventCountry "USA"]
[SourceTitle "EXT 2002"]
[Source "ChessBase"]
[SourceDate "2001.11.25"]
[SourceVersion "1"]
[SourceVersionDate "2001.11.25"]
[SourceQuality "1"]

1. c4 g6 2. Nf3 Bg7 3. d4 c5 4. d5 f5 5. g3 e5 6. e4 d6 7. exf5 gxf5 8. Bh3 Ne7 9. Nh4 O-O 10. Bg5 Qe8 11. Nc3 Ng6 12. Nb5 Nxh4 13. gxh4 Qd7 14. Rg1 Kh8 15. Qh5 Na6 16. O-O-O Nc7 17. Bh6 Ne8 18. Rxg7 Nxg7 19. Qg5 Rf7 20. Rg1 Kg8 21. h5 Kf8 22. Bxf5 Rxf5 23. Bxg7+ Kg8 24. Qh6 Rf4 25. Rg5 Rxc4+ 26. Kd2 Rg4 27. Bxe5+ Rxg5 28. Qxg5+ Kf8 29. Qf6+ Qf7 30. Bxd6+ 1-0

[Event "Chicago op"]
[Site "Chicago"]
[Date "1989.??.??"]
[Round "?"]
[White "Ivanov, Igor V"]
[Black "D'Arruda, Ricardo"]
[Result "1-0"]
[WhiteElo "2515"]
[BlackElo "2350"]
[PlyCount "97"]
[GameId "1166636434669568"]
[EventDate "1989.??.??"]
[EventType "swiss"]
[EventRounds "9"]
[EventCountry "USA"]
[SourceTitle "EXT 2002"]
[Source "ChessBase"]
[SourceDate "2001.11.25"]
[SourceVersion "1"]
[SourceVersionDate "2001.11.25"]
[SourceQuality "1"]

1. Nf3 d5 2. c4 c6 3. b3 Nf6 4. Bb2 g6 5. g3 Bg7 6. Bg2 O-O 7. O-O Nbd7 8. d3 e6 9. Qc2 b6 10. e4 Bb7 11. Nbd2 dxc4 12. dxc4 c5 13. e5 Ng4 14. Rfe1 Qc7 15. h3 Nh6 16. g4 Kh8 17. Ne4 Ng8 18. Re3 Rad8 19. Rae1 Bh6 20. R3e2 Bf4 21. h4 Ne7 22. Neg5 Ng8 23. Nh3 Bh6 24. h5 Bg7 25. Qc1 Bxf3 26. Bxf3 gxh5 27. Qc2 Bh6 28. g5 Bg7 29. Nf4 Ne7 30. Nxh5 Rg8 31. Bg4 Nc6 32. f4 Nd4 33. Bxd4 cxd4 34. Rh2 Bh6 35. Qd3 Rg6 36. Kh1 Nc5 37. Qh3 Bf8 38. Nf6 h6 39. Bh5 Qc6+ 40. Kg1 d3 41. Bxg6 fxg6 42. Rd1 a5 43. Qg4 Ne4 44. Qf3 Qc5+ 45. Kf1 Nxf6 46. gxf6 Qd4 47. Rhd2 Bc5 48. Kg2 Qc3 49. Kh3 1-0

[Event "Las Vegas op"]
[Site "Las Vegas"]
[Date "1989.??.??"]
[Round "?"]
[White "Ivanov, Igor V"]
[Black "Dlugy, Maxim"]
[Result "0-1"]
[WhiteElo "2515"]
[BlackElo "2570"]
[PlyCount "58"]
[GameId "1166636468461568"]
[EventDate "1989.??.??"]
[EventType "swiss"]
[EventRounds "9"]
[EventCountry "USA"]
[SourceTitle "EXT 2002"]
[Source "ChessBase"]
[SourceDate "2001.11.25"]
[SourceVersion "1"]
[SourceVersionDate "2001.11.25"]
[SourceQuality "1"]

1. c4 Nf6 2. Nf3 c5 3. Nc3 e6 4. e3 Nc6 5. d4 d5 6. cxd5 Nxd5 7. Bd3 cxd4 8. exd4 Be7 9. O-O O-O 10. a3 Bf6 11. Be4 Qd6 12. Qd3 h6 13. Re1 Rd8 14. Bxd5 exd5 15. Nb5 Qd7 16. Bf4 Qg4 17. Qe3 Bf5 18. h3 Qg6 19. Ne5 Bxe5 20. dxe5 d4 21. Qg3 Qxg3 22. fxg3 Bc2 23. e6 fxe6 24. Nc7 e5 25. Nxa8 exf4 26. Nc7 d3 27. Ne6 Rd6 28. Nc5 d2 29. Red1 b6 0-1

[Event "Los Angeles op"]
[Site "Los Angeles"]
[Date "1989.??.??"]
[Round "?"]
[White "Ivanov, Igor V"]
[Black "Balinas, Rosendo Carrean"]
[Result "1-0"]
[WhiteElo "2515"]
[BlackElo "2390"]
[PlyCount "53"]
[GameId "1166636469313536"]
[EventDate "1989.??.??"]
[EventType "swiss"]
[EventRounds "9"]
[EventCountry "USA"]
[SourceTitle "EXT 2002"]
[Source "ChessBase"]
[SourceDate "2001.11.25"]
[SourceVersion "1"]
[SourceVersionDate "2001.11.25"]
[SourceQuality "1"]

1. Nf3 d5 2. d4 Bg4 3. Ne5 Bf5 4. c4 dxc4 5. Nc3 Nd7 6. e4 Nxe5 7. exf5 Nd3+ 8. Bxd3 cxd3 9. Qxd3 Qd7 10. O-O Nf6 11. Bg5 O-O-O 12. Rac1 a6 13. Qc4 Ne8 14. Qxf7 Nd6 15. Qb3 Qxf5 16. Bh4 g5 17. Bg3 e6 18. Rfe1 Bg7 19. Ne4 e5 20. Qc2 Qd7 21. Nxd6+ Qxd6 22. dxe5 Qe7 23. e6 c6 24. Qb3 c5 25. Qb6 Bd4 26. Qa7 Rd6 27. Rxc5+ 1-0

[Event "Los Angeles op"]
[Site "Los Angeles"]
[Date "1989.??.??"]
[Round "?"]
[White "Pollard, Alan"]
[Black "Ivanov, Igor V"]
[Result "0-1"]
[WhiteElo "2320"]
[BlackElo "2515"]
[PlyCount "62"]
[GameId "1166636469321728"]
[EventDate "1989.??.??"]
[EventType "swiss"]
[EventRounds "9"]
[EventCountry "USA"]
[SourceTitle "EXT 2002"]
[Source "ChessBase"]
[SourceDate "2001.11.25"]
[SourceVersion "1"]
[SourceVersionDate "2001.11.25"]
[SourceQuality "1"]

1. d4 g6 2. e4 Bg7 3. Nf3 d6 4. c3 Nf6 5. Bd3 O-O 6. O-O Nbd7 7. Bg5 h6 8. Bh4 e5 9. Nbd2 Qe8 10. Qc2 Nh5 11. dxe5 Nxe5 12. Nxe5 dxe5 13. Rfd1 Nf4 14. Bf1 Be6 15. Nc4 Qc6 16. Ne3 f5 17. f3 Rf7 18. Bf2 Raf8 19. Rd2 h5 20. Rad1 fxe4 21. Qxe4 Qxe4 22. fxe4 Bxa2 23. g3 Ne6 24. b4 Bb3 25. Rb1 Ng5 26. Bg2 Be6 27. b5 Bh6 28. Re1 Bh3 29. Bh1 Nf3+ 30. Bxf3 Rxf3 31. c4 Bxe3 0-1

[Event "US Open-90"]
[Site "Chicago"]
[Date "1989.??.??"]
[Round "9"]
[White "Rowley, Robert"]
[Black "Ivanov, Igor V"]
[Result "0-1"]
[WhiteElo "2400"]
[BlackElo "2515"]
[PlyCount "100"]
[GameId "1166636587057152"]
[EventDate "1989.08.05"]
[EventType "swiss"]
[EventRounds "12"]
[EventCountry "USA"]
[SourceTitle "EXT 1997"]
[Source "ChessBase"]
[SourceDate "1996.11.15"]
[SourceVersion "1"]
[SourceVersionDate "1996.11.15"]
[SourceQuality "1"]

1. d4 Nf6 2. Nf3 g6 3. Nc3 d5 4. Bf4 Bg7 5. e3 O-O 6. Be2 c5 7. dxc5 Nbd7 8. Nxd5 Nxd5 9. Qxd5 Bxb2 10. Rb1 Qa5+ 11. Kf1 Bg7 12. Bc4 Nf6 13. Qe5 e6 14. g3 Nd5 15. Qd6 Nc3 16. Re1 b5 17. Bd3 Bb7 18. Kg2 Nd5 19. c6 Nxf4+ 20. exf4 Rad8 21. Qc5 Rd5 22. Qe3 Bxc6 23. Be4 Qxa2 24. h4 Rc8 25. h5 a5 26. hxg6 hxg6 27. Ng5 Qc4 28. f3 Rxg5 29. fxg5 Bxe4 30. Qxe4 Qxe4 31. Rxe4 Rxc2+ 32. Kh3 a4 33. Rd1 Rc8 34. Rd7 Ra8 35. Rf4 a3 36. Rfxf7 Bf8 37. Rf6 a2 38. Rxg6+ Kh8 39. Rd1 Ra6 40. Ra1 b4 41. Kg4 Kh7 42. Rxa2 Rxa2 43. Rxe6 b3 44. Rb6 Ra4+ 45. Kh5 Rb4 46. Re6 b2 47. Re1 b1=Q 48. Rxb1 Rxb1 49. g6+ Kg7 50. f4 Rb5+ 0-1

[Event "USA-ch"]
[Site "USA"]
[Date "1989.??.??"]
[Round "2"]
[White "Seirawan, Yasser"]
[Black "Ivanov, Igor V"]
[Result "1-0"]
[WhiteElo "2585"]
[BlackElo "2505"]
[PlyCount "101"]
[GameId "1165542566232064"]
[EventDate "1989.11.??"]
[EventType "tourn"]
[EventRounds "15"]
[EventCountry "USA"]
[EventCategory "12"]
[SourceTitle "CBM 019"]
[Source "ChessBase"]
[SourceDate "2004.01.01"]
[SourceVersion "1"]
[SourceVersionDate "2004.01.01"]
[SourceQuality "1"]

1. d4 Nf6 2. c4 g6 3. Nc3 Bg7 4. e4 d6 5. f3 O-O 6. Be3 e5 7. d5 Nh5 8. Nge2 f5 9. Qd2 Qh4+ 10. Bf2 Qe7 11. O-O-O Nd7 12. Kb1 Ndf6 13. h3 fxe4 14. fxe4 b5 15. cxb5 a6 16. Nc1 axb5 17. Bxb5 Nf4 18. Bc6 Rb8 19. a3 Bd7 20. Bxd7 Qxd7 21. Bh4 Nxe4 22. Nxe4 c6 23. dxc6 Qxc6 24. Qc2 Qxc2+ 25. Kxc2 d5 26. Nc3 Rfc8 27. g3 Ng2 28. Bg5 d4 29. N1a2 e4 30. Rh2 Rb5 31. Bc1 d3+ 32. Kb1 Bxc3 33. Rxg2 Ba5 34. Be3 Rf5 35. Rf2 Rxf2 36. Bxf2 Rc2 37. Be3 Rg2 38. b4 Bc7 39. Nc3 Be5 40. Rd2 Rxg3 41. Nd1 Rxh3 42. a4 Rh1 43. Kc1 Bd6 44. a5 Bxb4 45. a6 Rf1 46. a7 Rf8 47. Ra2 Ra8 48. Ra4 Be7 49. Nc3 h5 50. Nd5 Bd8 51. Rb4 1-0

[Event "US Open-91"]
[Site "Jacksonville"]
[Date "1990.??.??"]
[Round "?"]
[White "Hanken, Jerome"]
[Black "Ivanov, Igor V"]
[Result "1-0"]
[WhiteElo "2225"]
[BlackElo "2495"]
[PlyCount "93"]
[GameId "1166636748767232"]
[EventDate "1990.08.05"]
[EventType "swiss"]
[EventRounds "12"]
[EventCountry "USA"]
[SourceTitle "EXT 1997"]
[Source "ChessBase"]
[SourceDate "1996.11.15"]
[SourceVersion "1"]
[SourceVersionDate "1996.11.15"]
[SourceQuality "1"]

1. c4 Nf6 2. g3 e6 3. Bg2 d5 4. Nf3 dxc4 5. Qa4+ Nbd7 6. O-O a6 7. Qxc4 b5 8. Qc2 Bb7 9. a4 c5 10. axb5 axb5 11. Rxa8 Qxa8 12. Na3 Bc6 13. Nh4 Nd5 14. d3 Be7 15. Nf3 O-O 16. Bd2 Nb4 17. Qb1 Qa4 18. Rc1 Bd5 19. Ne1 Bf6 20. Nec2 Ba2 21. Qa1 Bb3 22. Qb1 Nb6 23. Nxb4 cxb4 24. Nc2 Ba2 25. Qa1 b3 26. Ne3 h5 27. Rc6 Qa7 28. Nd1 Na4 29. Be3 Qa5 30. Kf1 b4 31. Bd2 g6 32. Rc4 Rb8 33. Qc1 Be7 34. Ne3 Bc5 35. Bc6 Bf8 36. Bxa4 Qxa4 37. Kg1 Qd7 38. Rc7 Qd4 39. Nc4 h4 40. Be3 Qd5 41. Nd2 h3 42. Ne4 Qf5 43. f3 Rd8 44. Bg5 Ra8 45. g4 Qe5 46. Bf6 Qd5 47. Qf4 1-0

[Event "US Open-91"]
[Site "Jacksonville"]
[Date "1990.??.??"]
[Round "?"]
[White "Ivanov, Igor V"]
[Black "Browne, Walter"]
[Result "1/2-1/2"]
[WhiteElo "2495"]
[BlackElo "2560"]
[PlyCount "33"]
[GameId "1166636748820480"]
[EventDate "1990.08.05"]
[EventType "swiss"]
[EventRounds "12"]
[EventCountry "USA"]
[SourceTitle "EXT 1997"]
[Source "ChessBase"]
[SourceDate "1996.11.15"]
[SourceVersion "1"]
[SourceVersionDate "1996.11.15"]
[SourceQuality "1"]

1. d4 Nf6 2. c4 e6 3. Nc3 Bb4 4. e3 c5 5. Bd3 Nc6 6. Nge2 cxd4 7. exd4 d5 8. cxd5 Nxd5 9. O-O O-O 10. a3 Bd6 11. Bc2 Qh4 12. f4 Nxc3 13. bxc3 Ne7 14. Rb1 b6 15. c4 Bb7 16. Rb3 Nf5 17. d5 1/2-1/2

[Event "Chicago Masters"]
[Site "Chicago"]
[Date "1992.??.??"]
[Round "?"]
[White "Ivanov, Igor V"]
[Black "Kaidanov, Gregory"]
[Result "0-1"]
[WhiteElo "2465"]
[BlackElo "2550"]
[PlyCount "66"]
[GameId "1166637250596864"]
[EventDate "1992.??.??"]
[EventType "swiss"]
[EventRounds "9"]
[EventCountry "USA"]
[SourceTitle "EXT 2000"]
[Source "ChessBase"]
[SourceDate "1999.11.18"]
[SourceVersion "1"]
[SourceVersionDate "1999.11.18"]
[SourceQuality "1"]

1. e4 e5 2. Nf3 Nc6 3. Bb5 a6 4. Ba4 Nf6 5. O-O Be7 6. Qe2 b5 7. Bb3 O-O 8. c3 d5 9. d3 h6 10. exd5 Nxd5 11. Nxe5 Nxe5 12. Qxe5 Nf6 13. Nd2 Bd6 14. Qe2 Bb7 15. Ne4 Nxe4 16. dxe4 Qe7 17. Re1 Rae8 18. Qg4 Kh8 19. Qh3 f5 20. e5 f4 21. Bc2 Qg5 22. e6 Rf6 23. Bb3 Rg6 24. f3 Qc5+ 25. Kf1 Rg5 26. Qh4 Bxf3 27. gxf3 Rg1+ 28. Ke2 Rg2+ 29. Kd3 Be7 30. Qh3 Rd8+ 31. Ke4 Qc6+ 32. Kxf4 Rf8+ 33. Ke3 Bc5+ 0-1